LEADER 00966nam a2200229 i 4500 001 000000177047 003 CaOOAMICUS 005 20090113000000.0 008 090113s1960 it u000 u fre u 013 $a154550 040 $aSeMil$bita 100 1 $aSallustius .$0(OLS)http://semarc/name/65883 245 10$aDes Dieux et du monde /$cSaloustios ; texte établi et traduit par Gabriel Rochefort. 260 $aParis :$bLes Belles Lettres,$c1960. 300 $aL, 59 p. ;$c21 cm. 490 0 $aCollection des Universités de France 700 1 $aRochefort, Gabriel.$0(OLS)http://semarc/name/65884 830 0$aCollection des Universités de France.$0(OLS)http://semarc/title/6036 850 $aSeMil 852 $aSeMil$W1$xVenegono$y1$m1Z I 174$j127861$B127861$CSeMilBibl$Z2$F138333 $81 996 $6245$aDes Dieux et du monde$9(OLS)http://semarc/title/254248 996 $6260$aParis :$bLes Belles Lettres$9(OLS)http://semarc/publisher/30422 LEADER 01219nam a2200277 i 4500 001 000000063120 003 CaOOAMICUS 005 20130916000000.0 008 130916s1969 it u000 u ita u 013 $a34292 040 $aSeMil$bita 100 1 $aPowers, Joseph M.$0(OLS)http://semarc/name/31909 240 10$aEucharistic theology.$0(OLS)http://semarc/title/99528 245 10$aTeologia eucaristica /$cJoseph M. Powers ; Editoriale di Eliseo Ruffini ; Traduzione dall'inglese di Mario Sassatelli. 260 $aBrescia :$bQueriniana,$c1969. 300 $a237 p. ;$c20 cm. 490 0 $aGiornale di teologia ;$v34 500 $aContiene : Appendice ; Bibliografia. 650 4$aEucaristia - Teologia sistematica.$0(OLS)http://semarc/subject/5569 700 1 $aSassatelli, Mario.$0(OLS)http://semarc/name/15526 700 1 $aRuffini, Eliseo <1924->.$0(OLS)http://semarc/name/21421 830 0$aGiornale di teologia ;$v34.$0(OLS)http://semarc/title/419620 850 $aSeMil 852 $aSeMil$W1$xVenegono$y1$m2XA G 34$j29273$B29273$CSeMilBibl$Z2$F29276 $81 996 $6245$aTeologia eucaristica$9(OLS)http://semarc/title/99527 996 $6260$aBrescia :$bQueriniana$9(OLS)http://semarc/publisher/29615